000199976 001__ 199976 000199976 005__ 20240722093231.0 000199976 0247_ $$2ISSN$$a0042-4358 000199976 0247_ $$2ISSN$$a0052-4358 000199976 0247_ $$2HSB$$aalm00037949x 000199976 037__ $$aRWTH-CONV-072807 000199976 041__ $$aGerman 000199976 1001_ $$0P:(DE-82)034276$$aKoch, P.$$b0$$eReviewer$$urwth 000199976 245__ $$aLorenz, E. ; Wandt, M.: Versicherungsrecht. - Karlsruhe, 1997$$honline, print 000199976 260__ $$aKarlsruhe$$bVerl. Versicherungswirtschaft$$c1997 000199976 3367_ $$0PUB:(DE-HGF)36$$2PUB:(DE-HGF)$$aReview 000199976 3367_ $$0PUB:(DE-HGF)16$$2PUB:(DE-HGF)$$aJournal Article$$bjournal$$mjournal 000199976 3367_ $$2DataCite$$aOutput Types/Journal article 000199976 3367_ $$00$$2EndNote$$aJournal Article 000199976 3367_ $$2BibTeX$$aARTICLE 000199976 3367_ $$2ORCID$$aJOURNAL_ARTICLE 000199976 3367_ $$2DRIVER$$aarticle 000199976 591__ $$aGermany 000199976 773__ $$0PERI:(DE-600)2133120-0$$p812-812$$tVersicherungswirtschaft$$v52$$x0042-4358 000199976 909CO $$ooai:publications.rwth-aachen.de:199976$$pVDB 000199976 9201_ $$0I:(DE-82)814110_19890101$$k814110$$lLehrstuhl und Institut für Internationale Technische und Wirtschaftliche Zusammenarbeit$$x0 000199976 961__ $$c2013-10-08$$x2003-05-02$$z2024-07-22 000199976 970__ $$aalm00037949x 000199976 980__ $$areview 000199976 980__ $$aI:(DE-82)814110_19890101 000199976 980__ $$aVDB 000199976 980__ $$aUNRESTRICTED 000199976 980__ $$aConvertedRecord 000199976 980__ $$ajournal